Statistics for FIFA PREMIER LEAGUE RECENT RELEGATIONS

Click here to take the quiz!

General Stats

  • This quiz has been taken 27 times
  • The average score is 11 of 15

Answer Stats

HintAnswer% Correct
22-23Leicester City
100%
22-23Leeds United
92%
21-22Norwich City
92%
19-20Norwich City
92%
22-23Southampton
88%
21-22Watford
71%
19-20Watford
71%
19-20Bournemouth
67%
20-21Sheffield Utd
67%
21-22Burnley
63%
20-21Fulham
63%
18-19Fulham
63%
20-21West Brom
58%
18-19Huddersfield
50%
18-19Cardiff City
38%

Score Distribution

Percentile by Number Answered

Percent of People with Each Score

Your Score History

You have not taken this quiz